Score 0/26 Timer 05:00
2 Plays Today
Meaning 1 Answer % Correct
C - Veggie that comes in earscorn
91.9%
T - To riptear
91.8%
Y - Strong urgeyen
88.9%
P - A container for cookingpan
88.4%
J - Only or barelyjust
88.3%
S - The 'blood' of a treesap
87.8%
F - To worryfret
87.1%
R - A leaf-gathering toolrake
86.9%
H - To greethail
86.6%
G - Reduce cheese to particlesgrate
86.3%
A - Chopping toolsaxes
86%
B - Shoulder-up sculpturebust
85.3%
L - Lacking fatlean
85.3%
Meaning 1 Answer % Correct
D - Female deerdoes
83.8%
X - 14th Greek letterxi
82%
Q - Open stone mining sitequarry
77.4%
N - Zeronone
75.9%
M - Acted gloomy or sadmoped
75.2%
V - Bloodsucker or seductressvamp
74.5%
I - Relating to charged particlesionic
71.9%
K - Sharp or eagerkeen
71.7%
Z - Nothing, nadazip
70.3%
O - Conjunction of choiceor
68.8%
W - An injurywound
68.5%
E - A doorway, e.g.entrance
63.2%
U - Vehicle built as a light truckute
53.1%
Remove Ads.
Support Sporcle.
Get the best of Sporcle when you Go Orange. This ad-free experience offers more features, more stats, and more fun while also helping to support Sporcle. Thank you for becoming a member.

You're not logged in!

Compare scores with friends on all Sporcle quizzes.
OR
Log In

Show Comments

Extras

Top Quizzes Today


Score Distribution

Your Account Isn't Verified!

In order to create a playlist on Sporcle, you need to verify the email address you used during registration. Go to your Sporcle Settings to finish the process.

Report this User

Report this user for behavior that violates our Community Guidelines.

Details: